00893nam a2200265 a 450000100060000000300080000600500170001400800410003102000250007203500190009703500140011604000350013004100080016508200220017310000370019524500880023225000210032026000610034130000250040249000330042750000950046050400200055565000210057583000310059633199BD-RjUL20211209051950.0140430r19691966enk 00100 eng d a0710046251 (v.1,pbk) a(BD-RjUL)33290 a(BD-RjUL) aBD-RjULbengcBD-RjULdBD-RjUL aeng a300bPOO V-1 19691 aPopper, Karl Raimund,d1902-199414aThe open society and its enemies /cby K.R. Popper.nVolume I :pThe spell of Plato a5th ed.(revised) aLondon :bRoutledge & Kegan Paul,c1966 [Reprinted 1969] axi, 361 p. ;c22 cm. aRoutledge Paperback ;vNo.25 av.1. The spell of Plato -- v.2. The high tide of prophecy : Hegel, Marx and the aftermath. aIncludes index. 0aSocial sciences. aRoutledge Paperback ;No.25